000 00937njm a2200253 i 4500
001 4610
003 ES-MaACL
005 20240603181810.0
007 s|r|||||||||||
008 070801q19601969sp ||| g ||||||||1|nspa d
245 0 0 _aFallo del primer mundial de poesía mística "Fernando Rielo" [
_hGrabación sonora] /
_cinterviene Fernando Rielo.
260 _aMadrid :
_bAteneo de Madrid,
_c[196-?]
300 _a2 discos (CD-DA) (2 h. 7 min. 20 seg.) ;
_c12 cm.
500 _aDatos basados en invitación.
518 _aActo organizado por el Ateneo de Madrid.
610 2 4 _aAteneo de Madrid-
_xActos culturales-
_y196-?-
_vGrabaciones sonoras.
_91877
650 1 4 _aPremios literarios-
_zEspaña.
_916348
700 1 _aRielo, Fernando.
_997091
710 2 _aAteneo de Madrid.
_91875
852 _aES-MaACL
_jROT 3/1/1
_94727
_cROT
852 _aES-MaACL
_jROT 3/1/2
_9202962
_cROT
942 _2udc
_cCDROM
999 _c4610
_d4610